NCLEX- RN REVIEW : MADE INCREDIBLY EASY (Record no. 2358)

MARC details
000 -LEADER
fixed length control field 00325nam a2200145Ia 4500
082 ## - DEWEY DECIMAL CLASSIFICATION NUMBER
Classification number 610.7
Item number N00H
100 ## - MAIN ENTRY--PERSONAL NAME
Personal name HAWORTH, KEVIN
245 ## - TITLE STATEMENT
Title NCLEX- RN REVIEW : MADE INCREDIBLY EASY
250 ## - EDITION STATEMENT
Edition statement 1ST
260 ## - PUBLICATION, DISTRIBUTION, ETC. (IMPRINT)
Name of publisher, distributor, etc LIPPINCOTT
Place of publication, distribution, etc INDIA
Year of Publication 2000
300 ## - PAGE DESCRIPTION
No. of Pages 747
650 ## - SUBJECT ADDED ENTRY--TOPICAL TERM
Topical term or geographic name as entry element NURSING
942 ## - ADDED ENTRY ELEMENTS (KOHA)
Source of classification or shelving scheme Dewey Decimal Classification
Koha item type Books
Holdings
Withdrawn status Lost status Source of classification or shelving scheme Damaged status Not for loan Collection code Home library Current library Shelving location Date acquired Vendor Name Cost, normal purchase price SGTU Bill Number Total Checkouts Full call number Accession No. (Barcode) Date last seen Bill Date Koha item type
  Long Overdue (Lost) Dewey Decimal Classification   Not For Loan NURSING SGT Medical Library SGT Medical Library Reference Book 06/07/2014 ABC DELHI 0.00 SGTU 4669   610.7 N00H FN1958 09/02/2015 06/07/2014 Books